|
|
|
|
| LEADER |
00766nnm a2200193 i 4500 |
| 001 |
eta292 |
| 005 |
20180814161805.0 |
| 008 |
180515s2009 hu o 0|| hun d |
| 040 |
|
|
|a SZTE Elektronikus Tananyag Archívum
|b hun
|
| 041 |
|
|
|a hun
|
| 245 |
0 |
0 |
|a Vadgazdálkodás tervezése
|h [elektronikus dokumentum] :
|b vadgazda mérnök BSc. szak : jegyzet
|
| 260 |
|
|
|a Szegedi Tudományegyetem Mezőgazdasági Kar Állattudományi és Vadgazdálkodási Intézet
|b Hódmezővásárhely
|c 2009
|
| 300 |
|
|
|a 73
|
| 516 |
|
|
|a Book
|
| 650 |
|
4 |
|a Mezőgazdaság-tudományok
|
| 650 |
|
4 |
|a Mezőgazdaság, erdészet, halászat
|
| 700 |
0 |
2 |
|a Pappné Nagypál Judit
|
| 700 |
0 |
2 |
|a Majzinger István
|
| 856 |
4 |
0 |
|u https://eta.bibl.u-szeged.hu/292/1/vadgazdalkodas_tervezese.pdf
|z Dokumentum-elérés
|